Języki urzędowe RPA - Statystyki

Ogólne statystyki
  • Ten quiz został rozwiązany 6 324 razy
  • Średni wynik to 2 z 11
Statystyki odpowiedzi
% Język % Poprawnych
9,6% Angielski
98%
13,5% Afrikaans
34%
22,7% Zulu
22%
9,1% Sotho północny
14%
2,5% Suazi
13%
7,6% Sotho południowy
12%
16,0% Xhosa
11%
8,0% Tswana
8%
2,1% Ndebele
7%
4,5% Tsonga
7%
2,4% Venda
7%
Nie znaleziono quizów pasujących do podanych kryteriów
Rozkład punktacji
Procent ludzi z każdym wynikiem
Percentyl według liczby udzielonych odpowiedzi
Twoja historia wyników
Nie rozwiązałeś tego quizu